Rusko a slepá ulička nacionalizmu
Stabilita dnešného Ruska. Politický vývoj v Rusku. Vzostup militantného nacionalizmu. Postimperiálny syndróm. Nepriaznivá demografická situácia. Hnutie proti ilegálnej imigrácii.
Salvato in:
| Autore principale: | |
|---|---|
| Natura: | Capitolo di libro |
| Lingua: | ceco |
| Soggetti: | |
| Tags: |
Nessun Tag, puoi essere il primo ad aggiungerne!!
|
MARC
| LEADER | 00000naa$a2200000$$$4500 | ||
|---|---|---|---|
| 001 | 0054064 | ||
| 005 | 20231016092926.2 | ||
| 041 | 0 | |a cze | |
| 044 | |a CZ | ||
| 245 | 1 | 0 | |a Rusko a slepá ulička nacionalizmu |c Jaroslav Šimov |
| 520 | |a Stabilita dnešného Ruska. Politický vývoj v Rusku. Vzostup militantného nacionalizmu. Postimperiálny syndróm. Nepriaznivá demografická situácia. Hnutie proti ilegálnej imigrácii. | ||
| 610 | 2 | 0 | |a Rusko |
| 610 | 2 | 0 | |a nacionalizmus |
| 610 | 2 | 0 | |a politika |
| 610 | 2 | 0 | |a vývoj politický |
| 610 | 2 | 0 | |a trh svetový |
| 610 | 2 | 0 | |a dovoz |
| 610 | 2 | 0 | |a demografia |
| 100 | 1 | |a Šimov, Jaroslav | |